[Event "Nanjing FIDE GP (Women)"]
[Site "Nanjing"]
[Date "2009.10.06"]
[Round "8"]
[White "Zhao, Xue"]
[Black "Kovanova, Baira"]
[Result "1/2-1/2"]
[WhiteElo "2542"]
[BlackElo "2408"]
[Annotator "CB"]
[PlyCount "144"]
[EventDate "2009.09.28"]
[EventType "tourn"]
[EventRounds "11"]
[EventCountry "CHN"]
[EventCategory "8"]
[SourceTitle "CBM 132 Extra"]
[Source "ChessBase"]
[SourceDate "2009.11.03"]
[SourceVersion "1"]
[SourceVersionDate "2009.11.03"]
[SourceQuality "1"]

1. d4 Nf6 2. c4 e6 3. Nf3 b6 4. g3 Ba6 5. Qc2 Bb7 6. Bg2 Be7 7. Nc3 d5 8. Ne5
O-O 9. O-O c6 10. Rd1 Nbd7 11. e4 dxc4 (11... Rc8 12. Bf4 a6 13. Qe2 dxe4 14.
Nxe4 Nxe4 15. Bxe4 Nxe5 16. Bxe5 Bf6 17. Rd3 Qe7 18. Bxf6 Qxf6 19. c5 b5 20. a4
Ra8 21. Qh5 g6 22. Qe5 Qe7 23. axb5 axb5 24. Rda3 Rxa3 25. Rxa3 {1-0 Matlakov
Maxim (RUS) (2533)-Kalugin Sergei (RUS) (2406)/Dagomys (Russia) 2009 (39)}) 12.
Nxc4 b5 13. Ne5 (13. Ne3) 13... Nxe5 14. dxe5 Nd7 15. Be3 $14 Qc8 16. f4 a6 17.
a4 b4 $6 (17... Rd8) 18. Nb1 $16 a5 (18... c5 19. Nd2 {and white controls the
critical c4 square}) 19. Bf1 (19. Nd2 Ba6 20. Rac1 $16) 19... c5 20. Nd2 Qc7
21. Bb5 Bc6 22. Bxc6 Qxc6 23. Nc4 f6 (23... Nb6 $5 24. b3 $14) 24. exf6 Nxf6
25. e5 Nd5 26. Qe4 g6 $1 {WGM Kovanova defends the position accurately} 27. Rd2
Rfd8 28. Bf2 Qe8 {in this sort of position black will sit and wait and try to
avoid any weaknesses anywhere as the pawn chain and structure is quite
vulnerable. The question is what can white do to break through?} 29. Rc2 (29.
Qf3 Qf7 30. Rad1 Qf5 31. Ne3 (31. Rxd5 $5 {is nice but not winning} exd5 32.
Nb6 Ra7 33. Nxd5 Kg7 34. Rc1 Qe6 35. Nxe7 Rxe7 36. Rxc5 Rd2 37. b3 Red7 $11)
31... Nxe3 32. Bxe3 Rab8 33. g4 $14) 29... Qf7 30. Rac1 (30. Nd6 $5) 30... Qf5
31. Qxf5 gxf5 32. Kf1 Rd7 33. Ke2 Ra6 $6 (33... Kf7 34. Nd2 Rc8 35. Bxc5 Rdc7
36. Nb3 Bxc5 37. Rxc5 Nc3+ 38. bxc3 Rxc5 39. Nxc5 Rxc5 40. Kd2 Rc4 41. cxb4
Rxb4 42. Rc7+ {with advantage to white}) 34. Nd2 Nb6 35. Bxc5 Bxc5 36. Rxc5
Nxa4 37. Rc8+ Kg7 38. Nb3 $1 $16 {threatening Nc5 so b2 is indirectly protected
} Raa7 39. R8c2 Rd5 40. Ra1 Nb6 41. Rc6 Nd7 42. Rxe6 {white has won a critical
pawn} Nc5 43. Nxc5 Rxc5 44. Rd6 a4 45. Kd3 b3 (45... a3 46. Rd4 Rb5 47. Kc4 Rb6
48. Kb3 $18) 46. Rd4 Rc2 47. Raxa4 $16 Re7 48. h3 $6 (48. Rab4 Rxb2 (48... Rxh2
49. Kc3 Rh3 50. Rd3 h5 51. Rxb3 h4 52. gxh4 Rc7+ 53. Kd2 Rh2+ 54. Ke3 Rh3+ 55.
Kf2 Rxh4 56. Kg3 Rg4+ 57. Kf3 $18) 49. Rd6 Rc7 50. Rdb6 Rxh2 51. Rxb3 Rg2 52.
Kd4 $18) 48... Rxb2 49. g4 fxg4 50. hxg4 Rg2 51. g5 (51. Rdb4 b2 52. Rb6 Rxg4
53. Rxb2 $16) 51... Kg6 52. Ke4 b2 53. Rab4 Kh5 54. Kf3 $1 {of course black
must be very careful here} Rc2 55. Rd6 (55. Rb6 Rc3+ 56. Ke4 Rc2 57. Rdb4 Kg4
58. Rxb2 Rc4+ 59. Kd5 Rxf4 60. g6 $1 $18 hxg6 61. Rxg6+ Kh3 62. Rb1 Kh2 63. e6
Ra7 64. Rb8 $1) 55... Rc3+ 56. Ke4 Kg4 $6 (56... Rc4+ 57. Rd4 Rc2 $14) 57. Rxb2
Rc4+ 58. Kd5 $1 $18 Rxf4 59. Rg2+ Kf3 60. Rf6 $1 {very nice and well played}
Kxg2 61. Rxf4 Kg3 62. Rf6 {This should also win but} (62. Re4 $1 {as well as
any other move cutting off the king across the rank} Rg7 63. e6 Rxg5+ 64. Re5
$1 Rg8 65. e7 Re8 66. Ke6 Kg4 $1 {last try} 67. Kf7 Ra8 68. e8=Q Rxe8 69. Rxe8
h5 70. Kg6 h4 71. Re4+ Kg3 72. Kg5 {and white wins easily}) 62... Kg4 63. Kd6
Ra7 64. g6 hxg6 65. Rxg6+ $2 (65. e6 g5 66. e7 Ra6+ 67. Kd5 (67. Ke5 Ra5+ 68.
Ke6 Ra6+ 69. Kd7 Ra7+ 70. Kd8 Ra8+ 71. Kc7 Kh3 $11) 67... Rxf6 68. e8=Q {
should also win but it will be a long game}) 65... Kf5 66. Rf6+ Kg5 {now its a
draw} 67. Ke6 Ra6+ 68. Kf7 Ra7+ 69. Kf8 Ra5 70. Re6 Kf5 71. Kf7 Rxe5 72. Rxe5+
Kxe5 1/2-1/2

[Event "Morelia/Linares 23rd"]
[Site "Morelia/Linares"]
[Date "2006.03.07"]
[Round "11"]
[White "Ivanchuk, Vassily"]
[Black "Leko, Peter"]
[Result "1/2-1/2"]
[WhiteElo "2729"]
[BlackElo "2740"]
[Annotator "CB"]
[PlyCount "128"]
[EventDate "2006.02.18"]
[EventType "tourn"]
[EventRounds "14"]
[EventCountry "ESP"]
[EventCategory "20"]
[SourceTitle "CBM 112"]
[Source "ChessBase"]
[SourceDate "2006.06.07"]
[SourceVersion "1"]
[SourceVersionDate "2006.06.07"]
[SourceQuality "1"]

1. d4 Nf6 2. Nf3 e6 3. c4 b6 4. g3 Ba6 5. Nbd2 {Against such an opening expert
like Leko, Ivanchuk prefers to play a quiet variation, where the main
confrontation of forces usually starts in the middlegame.} d5 {After the
develo pment of the knight to d2, the position with hanging pawns usually
offers Black comfortable play, because of the lack of pressure aginst the
d5-square. The fact that Black will have to lose a tempo with his queen's
bishop is of lesser relevance (a situation we are accostumed already with from
the game Bacrot-Topalov).} 6. cxd5 exd5 7. Ne5 Be7 8. Qa4+ c6 9. Bg2 Bb7 10.
O-O O-O 11. Rd1 Re8 12. Ndf3 h6 13. Bf4 Bf8 14. Rac1 c5 15. h4 {A double edged
decision. White intends to increase his influence over the king side, but if
his activity will fail to bring in concrete results, the king side will remain
iremediably weak.} Na6 16. Bh3 Bd6 17. e3 {#White's concentration of minor
pieces on the king side looks impressive, but has a rather sterile character
in view of his impossibility of opening files for the rooks.} Qe7 18. Ng4 Ne4
19. Bxd6 Qxd6 {After the exchange of the bishops Black gets almost perfect
stability on dark squares. White's knights start feeling a bit uncomfortable.}
20. Bg2 Nc7 21. Nge5 Qf6 22. Qc2 Ne6 {#Having been carried way by his king
side operations, White slightly neglected the situation on the other wing.
Concretely, his queen has no comfortable square at its disposal. With his next
move, Ivanchuk tries to solve this problem.} 23. b3 $2 Rac8 $2 ({Leko missed a
unexpected tactical resource, based on the lack of stability of the white
knights:} 23... cxd4 24. exd4 Nxd4 $3 25. Rxd4 Rac8 26. Qb2 Rxc1+ 27. Qxc1 Rxe5
{winning a pawn because of the vulnerability of the f2-square. He might have
decided already to simplify the position in order to reach a draw, which is
proven by his next move, too and is partly justified by his favourable
tournament situation.}) 24. Qb2 cxd4 $6 ({There was no need to release the
tension in the centre. Black could have consolidated his advantage of space
with} 24... a5) 25. exd4 Rxc1 26. Rxc1 Rc8 27. Rxc8+ Bxc8 28. Ng4 Qe7 29. Ne3 {
#As a consequence of the simplifications prematurely provoked by Black, the
knigth has obtained this excelent square. White's position is more pleasant
already and Leko had to struggle for 35 more moves, although he never got into
concrete danger of losing.} Bb7 30. Bh3 Nc7 31. Nf5 Qd8 32. Ne5 Nb5 33. a4 Nbd6
34. Qc2 a5 35. Ne3 Nf6 36. f3 Nde8 37. Kf2 Qc7 38. Bf5 Qxc2+ 39. Bxc2 Nd6 40.
g4 g5 41. Nf5 Nxf5 42. Bxf5 gxh4 43. Nd3 Ba6 44. Nf4 b5 45. axb5 Bxb5 46. Ng2
a4 47. bxa4 Bxa4 48. Nxh4 Ne8 49. Ke3 Kf8 50. Kf4 Ke7 51. Bd3 Ng7 52. Ke5 Bc6
53. Bh7 f6+ 54. Kf4 h5 55. Nf5+ Nxf5 56. gxf5 Be8 57. Bg8 Bf7 58. Bxf7 Kxf7 59.
Kg3 Kg7 60. Kh4 Kh6 61. f4 Kh7 62. Kxh5 Kg7 63. Kh4 Kh6 64. Kg4 Kg7 1/2-1/2

[Event "Morelia/Linares 23rd"]
[Site "Morelia/Linares"]
[Date "2006.02.25"]
[Round "6"]
[White "Aronian, Levon"]
[Black "Leko, Peter"]
[Result "1/2-1/2"]
[WhiteElo "2752"]
[BlackElo "2740"]
[Annotator "CB"]
[PlyCount "90"]
[EventDate "2006.02.18"]
[EventType "tourn"]
[EventRounds "14"]
[EventCountry "ESP"]
[EventCategory "20"]
[SourceTitle "CBM 112"]
[Source "ChessBase"]
[SourceDate "2006.06.07"]
[SourceVersion "1"]
[SourceVersionDate "2006.06.07"]
[SourceQuality "1"]

1. d4 Nf6 2. c4 e6 3. Nf3 b6 4. g3 Ba6 5. b3 Bb4+ 6. Bd2 Be7 7. Bg2 c6 8. Bc3
d5 9. Ne5 Nfd7 10. Nxd7 Nxd7 11. Nd2 O-O 12. O-O Rc8 {#} 13. Re1 ({A
relatively rare move compared to the highly topical} 13. e4 {. By delaying
concrete action in the centre, White aims for a quiet course of events.}) 13...
c5 ({Black immediately takes advantage of the fact that he was practically
been given a free tempo for action in the centre. Compared with the main line,
starting with 13.e4,} 13... b5 $6 {makes little sense now, because of} 14. c5 {
blocking the position and leaving the a6-bishop terribly misplaced, since
there would be no target on the f1-a6 in connection with the thematic ...b4})
14. cxd5 exd5 15. Rc1 Nf6 16. e3 Bb7 17. Rc2 {#Not wishing to wait until his
hanging pawns will be submitted to strong pressure, Leko prefers to switch to
a isolani-structure. The fact that the white knight is far from the d4-square
certainly favours Black. Besides, the exchange of one pair of rooks is
inevitable, which is always a relief for the side having an isolated pawn.}
cxd4 $5 18. Bxd4 Qd7 19. Rxc8 Rxc8 20. Qb1 h5 21. Rd1 Qe6 22. Rc1 g6 23. h3
Rxc1+ 24. Qxc1 Qc6 25. Qb1 Ne4 26. Nf3 Ba3 27. Be5 Qc1+ 28. Qxc1 Bxc1 29. a4
Ba3 30. Bb8 a6 31. Ne5 Be7 32. Bc7 b5 33. axb5 axb5 34. Ba5 Bd6 35. Nd3 Kf8 36.
Bb4 Ke7 37. Bxd6+ Kxd6 {White has achieved the generally desirable exchange of
the dark-squared bishops, but in the meanwhile Black has activated his king.}
38. b4 {Creating a barrier in front of the king, but weakening the b-pawn.} Bc8
39. Ne1 Nc3 40. Nc2 Na2 41. Bf1 Bf5 42. Nd4 {#Finally, the knight hass
occupied this optimal square, but this is more of a warranty for maintaining
equality than a chance for advantage.} Bd7 43. Nxb5+ Bxb5 44. Bxb5 Nxb4 45. Kg2
Na2 1/2-1/2

[Event "Sharjah FIDE GP (Women)"]
[Site "Sharjah"]
[Date "2014.08.30"]
[Round "5"]
[White "L'Ami, Alina"]
[Black "Zhu, Chen"]
[Result "1/2-1/2"]
[WhiteElo "2446"]
[BlackElo "2461"]
[Annotator "CB"]
[PlyCount "65"]
[EventDate "2014.08.25"]
[EventType "tourn"]
[EventRounds "11"]
[EventCountry "UAE"]
[EventCategory "10"]
[SourceTitle "CBM 162"]
[Source "ChessBase"]
[SourceDate "2014.09.17"]
[SourceVersion "1"]
[SourceVersionDate "2014.09.17"]
[SourceQuality "1"]

{The player from Qatar certainly outplayed her younger opponent. The
light-squared blockade that she obtained thanks to her pawn sacrifice gave her
better activity all over the board. However nothing was ever very clear. If
Zhu Chen had any real chances it was with the move 26...Bc4! which she missed,
but even then her advantage was far from decisive.} 1. d4 Nf6 2. c4 e6 3. Nf3
b6 4. g3 Ba6 5. b3 Bb7 6. Bg2 Bb4+ 7. Bd2 a5 8. O-O O-O 9. Nc3 d6 10. a3 Bxc3
11. Bxc3 Nbd7 12. b4 axb4 13. axb4 Qe7 14. Qc2 h6 15. Rxa8 Rxa8 16. Ra1 Qd8 17.
Rd1 Be4 18. Qb3 b5 19. cxb5 Qb8 20. Bf1 Bd5 21. Qc2 Ra2 22. Qd3 Be4 23. Qc4 Qa7
24. Rc1 Bd5 25. Qd3 Qa3 26. Rc2 Ne4 (26... Bc4 $1 27. Qd2 Rxc2 28. Qxc2 Bxb5
$15 {The light square control gives Black a slight edge.}) 27. Rxa2 Qxa2 28.
Nd2 Nxd2 29. Qxd2 Qb1 30. Qb2 Qd1 31. Qd2 Qb1 32. Qb2 Qd1 33. Qd2 1/2-1/2

[Event "WchT (Women) 4th"]
[Site "Astana"]
[Date "2013.03.09"]
[Round "6.1"]
[White "Gunina, Valentina"]
[Black "Dzagnidze, Nana"]
[Result "0-1"]
[WhiteElo "2505"]
[BlackElo "2554"]
[Annotator "CB"]
[PlyCount "124"]
[EventDate "2013.03.03"]
[EventType "team-tourn"]
[EventRounds "9"]
[EventCountry "KAZ"]
[SourceTitle "CBM 153 Extra"]
[Source "ChessBase"]
[SourceDate "2013.04.22"]
[SourceVersion "1"]
[SourceVersionDate "2013.04.22"]
[SourceQuality "1"]
[WhiteTeam "Russia (W)"]
[BlackTeam "Georgia (W)"]
[WhiteTeamCountry "RUS"]
[BlackTeamCountry "GEO"]

1. d4 Nf6 2. c4 e6 3. Nf3 b6 4. g3 Ba6 5. b3 Bb4+ 6. Bd2 Be7 7. Bg2 c6 8. O-O
d5 9. Bc3 O-O 10. Nbd2 Nbd7 11. Re1 Bb7 12. e4 Nxe4 13. Nxe4 dxe4 14. Rxe4 c5
15. Re1 Bf6 16. Qc2 Bxf3 17. Bxf3 Rc8 18. d5 exd5 19. Bxd5 Bxc3 20. Qxc3 Re8
21. Rad1 Qc7 22. Rxe8+ Rxe8 23. Kg2 Nf6 24. Bf3 Kf8 25. Qd3 g6 26. h4 Qe5 27.
a4 Kg7 28. Qd2 Re7 29. a5 h6 30. a6 Re8 31. Qc1 Qc7 32. Rd3 Rd8 33. Rxd8 Qxd8
34. Qf4 Qc8 35. Qe5 h5 36. Bb7 Qd8 37. Qf4 Ng4 38. Bf3 Nf6 39. Qe5 Kg8 40. Qg5
Qd4 41. Qc1 Kg7 42. Qe1 Kf8 43. Qe2 Nd7 44. Bb7 Ne5 45. Bd5 Kg7 46. Be4 Kf8 47.
Bc2 Kg7 48. Qe4 ({Oder auch} 48. Be4 Qc3 49. Bd5 Nd3 50. Qe8 Qf6 51. Qe3 $11)
48... Qxe4+ 49. Bxe4 Kf6 50. f3 Ke7 51. Kf2 f5 52. Bd5 Nd3+ 53. Ke3 Nb4 54. Bb7
Nc2+ 55. Kd3 Nd4 56. b4 Kd6 57. b5 f4 58. g4 (58. gxf4 Nf5 59. Bc8 Nxh4 60. Ke4
Ng2 61. Bh3 Ne1 62. f5 gxf5+ 63. Bxf5 $11 {ist auch remis.}) 58... Ke5 ({
Naheliegend war} 58... hxg4 59. fxg4 Ke5 60. Ba8 $11) 59. Be4 $2 {Stellt die
Partie ein.} (59. gxh5 gxh5 60. Be4 {ist totremis}) 59... g5 {Nun entsteht in
jedem Fall ein schwarzer Freibauer auf der h-Linie und der Läufer kann wegen
des Bauern f3 nicht eingreifen.} 60. gxh5 (60. hxg5 h4 61. g6 Kf6 {und der
h-Bauer läuft durch.}) 60... gxh4 61. h6 Kf6 62. Bb7 h3 0-1

[Event "FIDE World Cup"]
[Site "Baku"]
[Date "2015.09.22"]
[Round "4.4"]
[White "Eljanov, Pavel"]
[Black "Jakovenko, Dmitrij"]
[Result "1-0"]
[WhiteElo "2717"]
[BlackElo "2748"]
[Annotator "CB"]
[PlyCount "97"]
[EventDate "2015.09.11"]
[EventType "k.o."]
[EventRounds "7"]
[EventCountry "AZE"]
[SourceTitle "CBM 169"]
[Source "ChessBase"]
[SourceDate "2015.11.10"]
[SourceVersion "1"]
[SourceVersionDate "2015.11.10"]
[SourceQuality "1"]

1. d4 Nf6 2. c4 e6 3. Nf3 b6 4. g3 Ba6 5. b3 d5 6. Bg2 Bb4+ 7. Bd2 Bxd2+ 8.
Qxd2 c6 9. Nc3 Nbd7 10. Ne5 Nxe5 11. dxe5 Nd7 12. f4 O-O 13. O-O Qe7 14. Rfd1
Rad8 15. cxd5 exd5 $2 {Though some games saw errors swing back and forth, in
this game, it was all Eljanov needed and he never let go of the reins.} (15...
cxd5 {The difference from the game is that now after} 16. e4 dxe4 17. Qd6 Qxd6
18. Rxd6 e3 $1 {Black is able to contain White.} 19. Re1 Nb8 20. Rxd8 Rxd8 21.
Rxe3 Rd2 {and Black is ok.}) 16. e4 dxe4 17. Qd6 {Black is probably already
lost strategically.} Qxd6 18. Rxd6 Nc5 19. Nxe4 Nxe4 20. Bxe4 Rxd6 21. exd6 Rd8
22. Rd1 c5 23. Bc6 Kf8 24. Kf2 g6 25. g4 c4 26. Ke3 c3 27. Rd4 (27. d7 {
was stronger and more expedient.} Ke7 28. Rc1 Kd6 29. Rxc3 $18) 27... c2 28.
Kd2 Be2 29. g5 Bg4 30. Be4 Ke8 31. Bxc2 Kd7 32. b4 b5 33. Bd3 Kc6 34. a3 a6 35.
Be4+ Kb6 36. Ke3 Be6 37. h4 a5 38. Bd3 ({White misses the amazing shot} 38. f5
$3 gxf5 39. Bf3 Rc8 40. Kf4 Rc4 41. Ke5 Bd7 42. bxa5+ Kxa5 43. Bd5 $1 {and
after} Rxd4 44. Kxd4 Ka4 45. Bxf7 {Black cannot stop both the d- and g-pawns
from queening.}) 38... axb4 39. axb4 Re8 40. Kf3 Kc6 41. f5 Bd7 42. Be4+ Kb6
43. Kf4 Ka6 44. Rd2 Kb6 45. Rd4 Ka6 46. Bd5 Bxf5 47. Bxf7 Rf8 48. d7 Rd8 49.
Ke5 ({Black resigned since after} 49. Ke5 Rxd7 50. Rxd7 Bxd7 51. Bg8 Kb6 52.
Bxh7 Bf5 53. h5 {it is over.}) 1-0

[Event "Nalchik FIDE GP"]
[Site "Nalchik"]
[Date "2009.04.18"]
[Round "4"]
[White "Gelfand, Boris"]
[Black "Bacrot, Etienne"]
[Result "1/2-1/2"]
[WhiteElo "2733"]
[BlackElo "2728"]
[Annotator "CB"]
[PlyCount "102"]
[EventDate "2009.04.15"]
[EventType "tourn"]
[EventRounds "13"]
[EventCountry "RUS"]
[EventCategory "19"]
[SourceTitle "CBM 130"]
[Source "ChessBase"]
[SourceDate "2009.05.20"]
[SourceVersion "1"]
[SourceVersionDate "2009.05.20"]
[SourceQuality "1"]

1. d4 Nf6 2. c4 e6 3. Nf3 b6 4. g3 Ba6 5. Qa4 Bb7 6. Bg2 c5 7. dxc5 bxc5 8. O-O
Be7 9. Nc3 O-O 10. Bf4 Qb6 11. Rfd1 Rd8 12. Rd2 d6 13. Rad1 a6 14. g4 Nxg4 15.
Bxd6 Rxd6 16. Qe8+ Bf8 17. Ng5 Ne5 18. Bxb7 Rxd2 19. Rxd2 Qxb7 20. Rd8 Ng6 21.
Na4 Qe7 22. Qxe7 Nxe7 23. Nxh7 Kxh7 24. Rxf8 Nec6 25. Rxf7 Kg8 26. Rc7 Ra7 27.
Rxa7 Nxa7 28. Nxc5 Kf7 29. b4 Ke7 30. a4 Kd6 31. Kg2 Nac6 32. Nd3 Nd7 33. b5
axb5 34. cxb5 Na5 35. Kf3 Nb6 36. Nb2 Ke5 37. Ke3 Nb3 38. h4 (38. Kd3 $1 Nc5+
39. Kc3 Ncxa4+ $2 (39... Nd5+ $1 40. Kc4 Nb7 $1) 40. Nxa4 Nxa4+ 41. Kb4 Nb6 42.
Kc5 Na4+ 43. Kc6) 38... Kf5 39. Kd3 Nc5+ 40. Kc3 Ncxa4+ 41. Nxa4 Nxa4+ 42. Kb4
Nb6 43. Kc5 Na4+ 44. Kb4 Nb6 45. Kc5 Na4+ 46. Kc6 Kg4 47. Kd6 Kxh4 48. Kxe6 Nc3
49. b6 Na4 50. b7 Nc5+ 51. Kf7 Nxb7 1/2-1/2

[Event "Morelia/Linares 23rd"]
[Site "Morelia/Linares"]
[Date "2006.02.23"]
[Round "5"]
[White "Bacrot, Etienne"]
[Black "Leko, Peter"]
[Result "1/2-1/2"]
[WhiteElo "2717"]
[BlackElo "2740"]
[Annotator "CB"]
[PlyCount "56"]
[EventDate "2006.02.18"]
[EventType "tourn"]
[EventRounds "14"]
[EventCountry "ESP"]
[EventCategory "20"]
[SourceTitle "CBM 112"]
[Source "ChessBase"]
[SourceDate "2006.06.07"]
[SourceVersion "1"]
[SourceVersionDate "2006.06.07"]
[SourceQuality "1"]

1. d4 Nf6 2. c4 e6 3. Nf3 b6 4. g3 Ba6 5. b3 Bb4+ 6. Bd2 Be7 7. Bg2 c6 8. Bc3
d5 9. Ne5 Nfd7 10. Nxd7 Nxd7 11. Nd2 O-O 12. O-O Rc8 ({The fianchetto QI has
recently been adopted by Topalov, who enriched it with several remarkable
ideas. Leko's choice of variation seems to have been dictated by the wish of
avoiding the territories where Topalov's bombs have exploded already. After
the generally approved continuation} 12... Nf6 13. e4 b5 14. exd5 exd5 15. Re1
Rb8 16. c5 Bc8 17. Nf3 Ne4 {he stunned the spectators and his opponent with}
18. Rxe4 $5 dxe4 19. Ne5 {and went on to win a nice game, Topalov-Aronian,
Wijk aan Zee 2006}) 13. e4 b5 (13... c5 {was tried in Topalov-Anand, San Luis
2005. Topalov eventually missed a win after a complicated fight.}) 14. Re1 dxe4
15. Bxe4 bxc4 16. bxc4 c5 17. d5 exd5 18. Bxd5 {#} Bf6 ({Improving over a
previous game by Bacrot.} 18... Nb6 19. Ba5 $1 Bf6 20. Rb1 Rb8 21. Qf3 Qd7 22.
Bxb6 axb6 23. Ne4 Bd4 24. Qf4 {with an active position for White, Bacrot-Adams,
Dortmund 2005}) 19. Ne4 Bxc3 20. Nxc3 Nb6 21. Re4 Re8 22. Qf3 Nxd5 23. Nxd5 Re6
24. Rd1 Qe8 25. Rg4 Kh8 26. Qc3 f6 27. Rf4 Bb7 28. Rf3 h6 {White can hardly
make any progress against Black's well organized defence.} 1/2-1/2

[Event "Cappelle op 27th"]
[Site "Cappelle la Grande"]
[Date "2011.03.01"]
[Round "5"]
[White "Ipatov, Alexander"]
[Black "Zhigalko, Sergei"]
[Result "1-0"]
[WhiteElo "2512"]
[BlackElo "2671"]
[Annotator "CB"]
[PlyCount "63"]
[EventDate "2011.02.26"]
[EventType "swiss"]
[EventRounds "9"]
[EventCountry "FRA"]
[SourceTitle "CBM 141 Extra"]
[Source "ChessBase"]
[SourceDate "2011.05.03"]
[SourceVersion "1"]
[SourceVersionDate "2011.05.03"]
[SourceQuality "1"]

1. d4 Nf6 2. c4 e6 3. Nf3 b6 4. g3 Ba6 5. Qb3 c6 6. Bg5 Be7 7. Nc3 h6 8. Bxf6
Bxf6 9. e4 d6 10. e5 dxe5 11. dxe5 Be7 12. Ne4 O-O 13. Qc3 Nd7 14. O-O-O Qc7
15. Bd3 Rfd8 16. Bb1 Nf8 {#} 17. Rdg1 $5 {Best or not, the young Ipatov
certainly deserves extra marks for ambition.} b5 18. g4 bxc4 19. g5 hxg5 20.
Nfxg5 Rd5 {#} 21. Qf3 ({White misses a chance with} 21. Nxf7 $3 Kxf7 22. Nd6+
Bxd6 (22... Kg8 23. Rxg7+ Kxg7 24. Rg1+ Kh6 25. Qh3+) 23. exd6 Qxd6 24. Rxg7+
Ke8 25. Qf6) 21... Bxg5+ 22. Rxg5 Ng6 23. Rhg1 Rxe5 {#} 24. Nf6+ $3 Kf8 25.
Rxg6 $1 fxg6 26. Nd5+ Qf7 27. Qa3+ $1 c5 (27... Ke8 28. Bxg6) (27... Kg8 28.
Ne7+ Kf8 (28... Kh7 29. Qh3+ Rh5 30. Qxh5#) 29. Nxc6+) 28. Qxc5+ Kg8 29. Ne7+
Kh8 30. Qxe5 Qxe7 31. Bxg6 Qh4 32. Rg5 1-0

[Event "Bilbao Masters 9th"]
[Site "Bilbao"]
[Date "2016.07.20"]
[Round "7"]
[White "Nakamura, Hikaru"]
[Black "So, Wesley"]
[Result "1/2-1/2"]
[WhiteElo "2787"]
[BlackElo "2770"]
[Annotator "CB"]
[PlyCount "83"]
[EventDate "2016.07.13"]
[EventType "tourn"]
[EventRounds "10"]
[EventCountry "ESP"]
[EventCategory "22"]
[SourceTitle "CBM 174"]
[Source "ChessBase"]
[SourceDate "2016.09.13"]
[SourceVersion "1"]
[SourceVersionDate "2016.09.13"]
[SourceQuality "1"]

1. Nf3 d5 2. d4 Nf6 3. c4 e6 4. g3 Bb4+ 5. Bd2 Be7 6. Bg2 O-O 7. O-O c6 8. Qc2
b6 9. Rd1 Nbd7 10. b3 ({Am Nebentisch wurde der Läufer nach f4 entwickelt.} 
10. Bf4) 10... Ba6 11. a4 c5 12. Na3 Bb7 13. Qb2 Qc8 ({Die Variante kennt
Nakamura auch gut von der anderen Seite:} 13... Ne4 14. Be1 f5 15. e3 Bf6 16.
Rac1 Qe7 17. b4 Bc6 18. Qb3 a5 $11 {1-0 (99) Le,Q (2694)-Nakamura,H (2733) Cap
d'Agde 2010}) 14. Rac1 Bc6 15. dxc5 bxc5 16. cxd5 exd5 17. Nh4 Re8 18. Nf5 Bf8
19. Bf4 Qb7 {[#]} (19... a6 $11) 20. Nb5 $5 {Nakamura bringt etwas Würze ins
Spiel.} Bxb5 21. axb5 Qxb5 22. Ne3 Rac8 23. Nxd5 Nxd5 24. Bxd5 {Weiß hat die
etwas bessere Bauernstruktur.} Nb6 (24... Rxe2 $2 25. Qa1 {und falls} Ree8 $2 {
gewinnt Weiß mit} 26. Qxa7 {Material: d7 und f7 sind unter Beschuss.}) 25. Bc4
Nxc4 26. Rxc4 Rcd8 27. Ra1 Re6 (27... Rd7 $14) 28. Be3 ({Nach} 28. Rxa7 Rd1+
29. Kg2 Re1 {steht Schwarz sehr aktiv.}) 28... Rb8 29. Qc2 Qxb3 30. Qxb3 Rxb3
31. Rxa7 Re8 32. Rc7 Rb2 33. Bxc5 (33. Kf1 $5 $14 {ist der Maschinenvorschlag.}
) 33... Bxc5 34. R7xc5 Rbxe2 35. Rc8 Re1+ 36. Kg2 g6 37. h4 Rxc8 38. Rxc8+ Kg7
39. Rc7 Rd1 40. Rc8 Re1 41. Rc7 Rd1 42. Rc8 1/2-1/2